Géographie - Questions aléatoires - Statistiques

Statistiques générales
  • Ce quiz a été pris 189 fois
  • Le résultat moyen est 5 sur 10
Statistiques - réponses
Hint Réponse % Correct
3) La Bolivie a déjà eu accès à la mer. Vrai ou faux ? Vrai
97%
5) Quel pays est le plus peuplé entre le Rwanda et le Burundi ? Rwanda
83%
6) La Moldavie a existé pour la première fois en 1991. Vrai ou faux ? Faux
81%
7) Ostrava se trouve-t-elle en Pologne ou en Tchéquie ? Tchéquie
75%
9) L'Angola est frontalier de la République du Congo. Vrai ou faux ? Vrai
60%
1) Quelle est la capitale du Brunei ? Bandar Seri Begawan
44%
8) Quelle est la capitale de l'Etat américain de New York ? Albany
17%
10) A quel pays appartiennent les Iles Andaman et Nicobar ? Inde
15%
4) Dans quel pays se trouve la ville de Lüderitz ? Namibie
5%
2) Quelle est l'ancienne capitale du Monténégro ? Cetinje
3%
Aucun quiz correspondant
Distribution des résultats
% des personnes avec chaque résultat
Percentile par nombre de réponses
Votre historique - résultats
Vous n’avez pas pris ce quiz